Dinosaurs : fantastic creatures that ruled the earth [

Bibliographic Details
Format: Book
Published: s.l : s.n , 19-
Subjects:

MARC

LEADER 00000cam a2200000 7i4500
001 0000002203
002 000002403
005 20021014.0
020 |a 000002403 
090 0 0 |a 567.91   |b DIN 
245 0 0 |a Dinosaurs :   |b fantastic creatures that ruled the earth [  |h video recording] 
260 |a s.l :   |b s.n ,   |c 19- 
300 |a 1 Video recording VHS (120 minutes) :   |b col.(PAL) 
500 |a Library has 1 copy 
650 0 0 |a Dinosaurs 
999 |a 00100   |b VIDEO   |c KOLEKSI AUDIO VIDEO   |e PERPUSTAKAAN KOMUNITI PETALING JAYA